| 000 | 00693nam a2200277Ia 4500 | ||
|---|---|---|---|
| 008 | 171120s9999 xx 000 0 und d | ||
| 020 | _a1872195544 | ||
| 050 | _a291.24 | ||
| 050 | _bZ632 1992 | ||
| 100 | _aZ'Graggen,John A. | ||
| 245 | 4 | _aAnd thus became man and world / | |
| 245 | _cby John A. Z'Graggen. | ||
| 260 | _aDurham : | ||
| 260 | _bPentland Press, | ||
| 260 | _c1992 | ||
| 300 | _a143 pages : | ||
| 300 | _billustrations ; | ||
| 300 | _c21cm. | ||
| 500 | _aIncludes bibliography. | ||
| 650 | _aCreation -- | ||
| 650 | _aMethology, Melanesian -- | ||
| 650 | _aMythology, Papuan. | ||
| 650 | _xMythology. | ||
| 650 | _xPapua New Guinea. | ||
| 700 | _aTitle. | ||
| 999 |
_c345448 _d345448 |
||